| Tag |
First Indicator |
Second Indicator |
Subfields |
| LEADER |
00000cam a2200000 a 4500 |
| 001 |
in00001406616 |
| 005 |
20151020072816.0 |
| 008 |
980128s1997 gw b 000 0 eng |
| 010 |
|
|
|a 98005436
|
| 020 |
|
|
|a 3631322666
|
| 020 |
|
|
|a 0820435147 (U.S.)
|
| 035 |
|
|
|a (OCoLC)38311953
|
| 035 |
|
|
|9 AHQ3561AM
|
| 040 |
|
|
|a DLC
|c DLC
|d TXA
|d UtOrBLW
|
| 049 |
|
|
|a TXAM
|
| 050 |
0 |
0 |
|a GN33
|b .P56 1997
|
| 082 |
0 |
0 |
|a 301/.01
|2 21
|
| 100 |
1 |
|
|a Pinxten, Rik.
|
| 245 |
1 |
0 |
|a When the day breaks :
|b essays in anthropology and philosophy /
|c Rik Pinxten.
|
| 264 |
|
1 |
|a Frankfurt am Main ;
|a New York :
|b Peter Lang,
|c [1997]
|
| 264 |
|
4 |
|c ©1997
|
| 300 |
|
|
|a 226 pages ;
|c 21 cm.
|
| 336 |
|
|
|a text
|b txt
|2 rdacontent
|
| 337 |
|
|
|a unmediated
|b n
|2 rdamedia
|
| 338 |
|
|
|a volume
|b nc
|2 rdacarrier
|
| 504 |
|
|
|a Includes bibliographical references (pages [207]-226).
|
| 650 |
|
0 |
|a Anthropology
|x Philosophy.
|
| 650 |
|
0 |
|a Anthropology
|x Methodology.
|
| 650 |
|
0 |
|a Ethnocentrism.
|
| 650 |
|
0 |
|a Ethnopsychology.
|
| 650 |
|
0 |
|a Philosophical anthropology.
|
| 948 |
|
|
|a c:ce
|
| 999 |
|
|
|a MARS
|
| 999 |
f |
f |
|s d229e268-120e-3428-9d57-a499a757db7a
|i 6fe4081b-eb1c-3f15-a842-40d2412fcf9f
|t 0
|
| 952 |
f |
f |
|p ric
|a Texas A&M University
|b Rellis Campus
|c Joint Library Facility
|d Remote Storage
|t 0
|e GN33 .P56 1997
|h Library of Congress classification
|i unmediated -- volume
|m A14823314263
|
| 998 |
f |
f |
|a GN33 .P56 1997
|t 0
|l Remote Storage
|